000 00558nam a2200157 a 4500
001 000037449
005 20200930080357.0
008 120418s1997 dr 000 0 spa d
040 _aDO-SdBNP
_bspa
_cBNPHU
245 0 0 _aInforme sobre costo de producción de RUBROS fomentados por el PROAGRO.
246 1 4 _aCosto de producción de RUBROS fomentados por el PROAGRO.
260 _aSanto Domingo :
_bJunta Agroempresarial Dominicana, (JAD),
_c1997.
300 _a75 p. ;
_c29 cm.
490 1 _aDocumentos técnicos
_e2
830 0 _aDocumentos técnicos
_e2
_915124
999 _c36939
_d36939